[Event "ÕÕÕII Nezhmetdinov Memorial"]
[Site "?"]
[Date "2010.06.02"]
[Round "3.28"]
[White "Ulanov, Sergei"]
[Black "Semenova, Anastasia"]
[Result "1-0"]
[WhiteElo "2145"]
[BlackElo "1898"]
[PlyCount "35"]
[EventDate "2010.06.01"]
[SourceDate "2010.06.03"]

1. d4 d5 2. c4 c6 3. Nc3 Nf6 4. Nf3 e6 5. e3 Nbd7 6. Qc2 dxc4 7. Bxc4 b5 8. Bd3
Bb7 9. O-O Be7 10. e4 Nb6 11. a3 h6 12. Qe2 Rc8 13. Bd2 O-O 14. e5 Nh7 15. Qe4
f5 16. exf6 Nxf6 17. Qxe6+ Kh8 18. Ne5 1-0

[Event "ÕÕÕII Nezhmetdinov Memorial"]
[Site "?"]
[Date "2010.06.02"]
[Round "3.29"]
[White "Zaynutdinov, Iskander"]
[Black "Abdullin, Renat"]
[Result "1-0"]
[WhiteElo "1986"]
[BlackElo "2135"]
[PlyCount "51"]
[EventDate "2010.06.01"]
[SourceDate "2010.06.03"]

1. d4 Nf6 2. c4 e6 3. Nc3 d5 4. cxd5 exd5 5. Bg5 c6 6. Qc2 Bg4 7. e3 Be7 8. h3
Bh5 9. f4 h6 10. Bh4 Ne4 11. Bxe7 Qxe7 12. Nxe4 Bg6 13. f5 Bxf5 14. Nd6+ Qxd6
15. Qxf5 Qb4+ 16. Kf2 Qxb2+ 17. Be2 Nd7 18. Nf3 Qb6 19. Ne5 Nf6 20. Rhb1 Qc7
21. Bd3 O-O 22. Ng4 Ne4+ 23. Bxe4 dxe4 24. Qxe4 b6 25. Ne5 c5 26. Rc1 1-0

[Event "ÕÕÕII Nezhmetdinov Memorial"]
[Site "?"]
[Date "2010.06.02"]
[Round "3.31"]
[White "Faizrakhmanov, Ilmir"]
[Black "Vafin, Ayrat"]
[Result "1-0"]
[WhiteElo "1912"]
[BlackElo "2113"]
[PlyCount "121"]
[EventDate "2010.06.01"]
[SourceDate "2010.06.03"]

1. e4 c5 2. Nf3 e6 3. d3 Nc6 4. g3 g6 5. Bg2 Bg7 6. O-O Nge7 7. c3 d5 8. exd5
Nxd5 9. Be3 b6 10. d4 Nxe3 11. fxe3 Bb7 12. Nbd2 cxd4 13. exd4 O-O 14. Ne4 Rc8
15. Qe2 Qe7 16. a4 h6 17. Rac1 Rfd8 18. Rfd1 Na5 19. Ned2 Bd5 20. b4 Nb3 21.
Nxb3 Bxb3 22. Re1 Bxa4 23. Ne5 Bxe5 24. Qxe5 Bb3 25. Re3 Qc7 26. Qf6 Bd5 27. g4
a5 28. Rh3 Kf8 29. Rxh6 Ke8 30. Rh8+ Kd7 31. Rxd8+ Qxd8 32. Qxf7+ Qe7 33. Qxe7+
Kxe7 34. Bxd5 exd5 35. bxa5 bxa5 36. Ra1 Ra8 37. Kf2 Ke6 38. h4 Kf6 39. Kf3 g5
40. h5 a4 41. Ra3 Rc8 42. Kf2 Rc4 43. Ke2 Ke6 44. Kd3 Kf6 45. Ra1 Kg7 46. Kc2
Kh6 47. Re1 Rc6 48. Re5 Rd6 49. Rf5 a3 50. Kb3 Ra6 51. Ka2 Rc6 52. Rf3 Ra6 53.
Re3 Kh7 54. Re5 Rc6 55. Kxa3 Rxc3+ 56. Kb2 Rd3 57. Rxd5 Rg3 58. Rxg5 Rd3 59. d5
Kh6 60. Rg6+ Kh7 61. d6 1-0

[Event "ÕÕÕII Nezhmetdinov Memorial"]
[Site "?"]
[Date "2010.06.02"]
[Round "3.32"]
[White "Galimzianova, Aliya"]
[Black "Baraeva, Marina"]
[Result "0-1"]
[WhiteElo "1908"]
[BlackElo "2102"]
[PlyCount "110"]
[EventDate "2010.06.01"]
[SourceDate "2010.06.03"]

1. e4 e6 2. d4 d5 3. Nc3 Bb4 4. e5 c5 5. a3 Bxc3+ 6. bxc3 Ne7 7. Qg4 O-O 8. Bd3
Nbc6 9. Qh5 Ng6 10. Nf3 Qe8 11. Ng5 h6 12. Nf3 c4 13. Be2 f5 14. exf6 Rxf6 15.
g4 Bd7 16. g5 Rf5 17. Nh4 Nxh4 18. Qxh4 hxg5 19. Bxg5 Qg6 20. Rg1 Raf8 21. Kd2
Qh7 22. Rg2 Qxh4 23. Bxh4 Kh7 24. Rag1 Rg8 25. Bg4 Rff8 26. Bh5 Be8 27. Bg6+
Bxg6 28. Rxg6 Rf4 29. R6g4 Rxg4 30. Rxg4 Rf8 31. Ke2 Nb8 32. Be7 Rf7 33. Bc5 b6
34. Bd6 Nd7 35. Rf4 Nf6 36. Be5 Kg6 37. f3 Rf8 38. Rh4 Kf7 39. Bxf6 Kxf6 40.
Rf4+ Ke7 41. Rxf8 Kxf8 42. Ke3 Kf7 43. Kf4 Kf6 44. h4 b5 45. h5 a5 46. Kg4 e5
47. dxe5+ Ke6 48. Kf4 a4 49. Kg5 d4 50. cxd4 b4 51. axb4 a3 52. Kg6 a2 53. Kxg7
a1=Q 54. h6 Qxd4 55. h7 Qxe5+ 0-1

[Event "ÕÕÕII Nezhmetdinov Memorial"]
[Site "?"]
[Date "2010.06.02"]
[Round "3.33"]
[White "Khazieva, Elza"]
[Black "Talov, Nikita"]
[Result "0-1"]
[WhiteElo "1796"]
[BlackElo "2087"]
[PlyCount "82"]
[EventDate "2010.06.01"]
[SourceDate "2010.06.03"]

1. e4 c5 2. Nf3 e6 3. d4 cxd4 4. Nxd4 Nc6 5. Nc3 a6 6. Be3 Qc7 7. Be2 Nf6 8.
O-O Be7 9. Kh1 b5 10. a3 Bb7 11. f4 d6 12. Bf3 O-O 13. f5 e5 14. Nb3 Na5 15.
Nxa5 Qxa5 16. Qe1 b4 17. axb4 Qxb4 18. Bg5 a5 19. Ra3 Qc5 20. Bd1 Rfd8 21. Rb3
Ba6 22. Rf3 Bc4 23. Ra3 d5 24. exd5 Bxd5 25. Rh3 Qc6 26. Nxd5 Nxd5 27. Bxe7
Nxe7 28. Bf3 e4 29. Rc3 Qd5 30. Rd3 Qe5 31. Qxe4 Qxb2 32. Bd1 Qa1 33. Kg1 Qf6
34. Bg4 Nc6 35. Rhe3 h6 36. Bf3 Nb4 37. Rxd8+ Rxd8 38. Qe7 Qb6 39. Kf1 Nxc2 40.
Rc3 Rd2 41. Be2 Qb1+ 0-1

[Event "ÕÕÕII Nezhmetdinov Memorial"]
[Site "?"]
[Date "2010.06.02"]
[Round "3.35"]
[White "Glukhov, Alexander"]
[Black "Vaseptsov, Maxim"]
[Result "0-1"]
[WhiteElo "2034"]
[BlackElo "2197"]
[PlyCount "52"]
[EventDate "2010.06.01"]
[SourceDate "2010.06.03"]

1. e4 c5 2. Nf3 e6 3. d4 cxd4 4. Nxd4 Nc6 5. Nc3 d6 6. Be3 Nf6 7. f4 Be7 8. Qf3
O-O 9. O-O-O Bd7 10. g4 Nxd4 11. Bxd4 e5 12. fxe5 Bxg4 13. Qg3 dxe5 14. Rg1
exd4 15. e5 Qb8 16. Ne2 Ne4 17. Qxg4 Bg5+ 18. Kb1 Qxe5 19. Re1 f5 20. Qg2 Bd2
21. Ka1 Bg5 22. Kb1 Nd2+ 23. Ka1 Bf6 24. Rc1 d3 25. c3 dxe2 26. Bxe2 Rfe8 0-1

[Event "ÕÕÕII Nezhmetdinov Memorial"]
[Site "?"]
[Date "2010.06.02"]
[Round "3.36"]
[White "Faizrakhmanov, Ramil"]
[Black "Sadykov, Airat F."]
[Result "1-0"]
[WhiteElo "1957"]
[BlackElo "2112"]
[PlyCount "141"]
[EventDate "2010.06.01"]
[SourceDate "2010.06.03"]

1. d4 d5 2. c4 c6 3. Nf3 Nf6 4. Qc2 g6 5. g3 Bg7 6. Bg2 O-O 7. O-O Bf5 8. Qb3
Qb6 9. Nc3 dxc4 10. Qxc4 Be6 11. Qd3 Rd8 12. b3 Na6 13. Bb2 Bf5 14. e4 Bg4 15.
Na4 Qc7 16. h3 Bd7 17. Qe2 Rac8 18. Rac1 Bh6 19. Nd2 Qa5 20. f4 b5 21. Bc3 Qc7
22. Nc5 Nxc5 23. dxc5 Bg7 24. Nf3 a5 25. Rfd1 Qa7 26. Kh2 h6 27. Bxf6 exf6 28.
f5 gxf5 29. exf5 Bxf5 30. Nd4 Re8 31. Nxc6 Rxe2 32. Nxa7 Be4 33. Rg1 Rd8 34.
Rce1 Rxg2+ 35. Rxg2 Bxg2 36. Kxg2 Rd2+ 37. Kf3 Rxa2 38. Rc1 Bf8 39. c6 Bd6 40.
Nxb5 Be5 41. c7 Bxc7 42. Nxc7 Ra3 43. Rb1 a4 44. Kg4 axb3 45. Nb5 Ra4+ 46. Kf3
Rb4 47. Nc3 b2 48. Nd1 Rb3+ 49. Kf2 Rd3 50. Ne3 Rb3 51. Kf3 Kg7 52. Kf4 Kg6 53.
Nd5 Rb5 54. Ne7+ Kh7 55. Nc6 Kg6 56. Nd4 Rb6 57. Ke3 f5 58. Kd3 Kg5 59. Kc3 h5
60. Nf3+ Kf6 61. Rxb2 Rxb2 62. Kxb2 f4 63. g4 hxg4 64. hxg4 Ke6 65. Kc3 Kd5 66.
Kd3 f6 67. Nh4 Ke5 68. Ng6+ Ke6 69. Nxf4+ Ke5 70. Ke3 f5 71. g5 1-0

[Event "ÕÕÕII Nezhmetdinov Memorial"]
[Site "?"]
[Date "2010.06.02"]
[Round "3.37"]
[White "Ivanov, Nikolay A."]
[Black "Zlachevskiy, Leonid"]
[Result "0-1"]
[WhiteElo "1977"]
[BlackElo "2111"]
[PlyCount "110"]
[EventDate "2010.06.01"]
[SourceDate "2010.06.03"]

1. c4 e5 2. Nc3 Nf6 3. g3 Bb4 4. Bg2 O-O 5. Nf3 Nc6 6. O-O e4 7. Ne1 Re8 8. Nc2
Bc5 9. d4 exd3 10. exd3 Nd4 11. Nxd4 Bxd4 12. Ne2 Bb6 13. d4 d6 14. Qd3 c6 15.
Nc3 Bg4 16. Be3 Bh5 17. h3 Bg6 18. Qd2 Qd7 19. Kh2 Qe6 20. b3 d5 21. cxd5 cxd5
22. Bg5 Ba5 23. Bxf6 Qxf6 24. a3 Bxc3 25. Qxc3 Rac8 26. Qf3 Qxd4 27. Rad1 Qb2
28. Qxd5 b6 29. Rd2 Qxa3 30. Qd7 Qe7 31. Rfd1 h6 32. Qxe7 Rxe7 33. Rd8+ Rxd8
34. Rxd8+ Kh7 35. g4 f6 36. Bd5 Bf7 37. Bxf7 Rxf7 38. b4 g5 39. b5 Rc7 40. Kg2
Kg6 41. Kg3 h5 42. gxh5+ Kxh5 43. Rd6 Rc3+ 44. f3 f5 45. Rd7 f4+ 46. Kf2 Rc2+
47. Ke1 Kh4 48. Rxa7 Rb2 49. Rh7+ Kg3 50. Rh5 Rxb5 51. h4 Rb1+ 52. Ke2 Rb2+ 53.
Kd3 gxh4 54. Ke4 Rb4+ 55. Kd3 h3 0-1

[Event "ÕÕÕII Nezhmetdinov Memorial"]
[Site "?"]
[Date "2010.06.02"]
[Round "3.38"]
[White "Makhmutov, Rail"]
[Black "Khairullin, Adel"]
[Result "1-0"]
[WhiteElo "2108"]
[BlackElo "1916"]
[PlyCount "117"]
[EventDate "2010.06.01"]
[SourceDate "2010.06.03"]

1. e4 e5 2. Nf3 Nc6 3. d4 exd4 4. Nxd4 Bc5 5. Be3 Qf6 6. c3 Nge7 7. Bc4 Ne5 8.
Be2 Qg6 9. O-O d6 10. Kh1 O-O 11. Nd2 Ng4 12. Bf4 Nc6 13. Nxc6 bxc6 14. Bg3 Rb8
15. b4 Bb6 16. a4 a6 17. a5 Ba7 18. Nb3 f5 19. exf5 Qxf5 20. Nd4 Bxd4 21. Qxd4
Nf6 22. Qc4+ Qd5 23. Rad1 Qxc4 24. Bxc4+ Nd5 25. Kg1 Kh8 26. Rd3 Bb7 27. Re1
Rbe8 28. f3 Rxe1+ 29. Bxe1 Re8 30. Bd2 h6 31. Kf2 Nf6 32. Rd4 Nd7 33. Bf1 c5
34. Rf4 cxb4 35. Rf7 Rd8 36. cxb4 Kg8 37. Rf5 d5 38. Ke3 c5 39. bxc5 Nxc5 40.
Bc3 Re8+ 41. Re5 Rxe5+ 42. Bxe5 Kf8 43. Bd4 Ne6 44. Bd3 Ke7 45. f4 Kd6 46. Be5+
Kc5 47. f5 d4+ 48. Kf2 Ng5 49. Bxg7 h5 50. f6 Kd5 51. h4 Nf7 52. Bg6 Ne5 53.
Bxh5 Ke6 54. Bd1 Bd5 55. h5 Kf5 56. g4+ Kg5 57. f7 Nxf7 58. Bxd4 Nd6 59. Be3+
1-0

[Event "ÕÕÕII Nezhmetdinov Memorial"]
[Site "?"]
[Date "2010.06.02"]
[Round "3.39"]
[White "Fedotov, Ivan"]
[Black "Kalinin, Nikita"]
[Result "1-0"]
[WhiteElo "2078"]
[BlackElo "2032"]
[PlyCount "69"]
[EventDate "2010.06.01"]
[SourceDate "2010.06.03"]

1. e4 e5 2. Nf3 Nc6 3. Bb5 Bc5 4. O-O Nd4 5. Nxd4 Bxd4 6. c3 Bb6 7. d4 c6 8.
Be2 d6 9. Be3 Nf6 10. Nd2 O-O 11. Qc2 Re8 12. h3 d5 13. dxe5 Bxe3 14. exf6 Bxd2
15. Qxd2 Rxe4 16. Bd3 Re5 17. fxg7 Rg5 18. Rfe1 Rxg7 19. Qh6 Be6 20. Re5 Qd7
21. Bxh7+ Kf8 22. Rg5 f6 23. Qxf6+ Qf7 24. Qh6 Re8 25. Re1 Re7 26. Rxg7 Qxg7
27. Rxe6 Qxh6 28. Rxh6 Re1+ 29. Kh2 Re2 30. f4 Rxb2 31. Rg6 Rxa2 32. f5 a5 33.
Bg8 a4 34. f6 a3 35. Be6 1-0

[Event "ÕÕÕII Nezhmetdinov Memorial"]
[Site "?"]
[Date "2010.06.02"]
[Round "3.40"]
[White "Kurninov, Andrei"]
[Black "Hamidullin, Aydar"]
[Result "0-1"]
[WhiteElo "1776"]
[BlackElo "2188"]
[PlyCount "36"]
[EventDate "2010.06.01"]
[SourceDate "2010.06.03"]

1. d4 d5 2. Nf3 Nc6 3. c4 Bg4 4. e3 e5 5. dxe5 d4 6. exd4 Bxf3 7. Qxf3 Qxd4 8.
Be2 Bb4+ 9. Nd2 Rd8 10. Qc3 Nge7 11. Qxd4 Nxd4 12. Bd1 Ng6 13. O-O Bxd2 14.
Bxd2 Ne2+ 15. Bxe2 Rxd2 16. Bf3 Rxb2 17. Rab1 Rxb1 18. Rxb1 b6 0-1

[Event "ÕÕÕII Nezhmetdinov Memorial"]
[Site "?"]
[Date "2010.06.02"]
[Round "3.41"]
[White "Emelianov, Fedor"]
[Black "Zakharov, Kirill"]
[Result "1/2-1/2"]
[WhiteElo "2165"]
[BlackElo "1911"]
[PlyCount "148"]
[EventDate "2010.06.01"]
[SourceDate "2010.06.03"]

1. Nf3 Nf6 2. c4 e6 3. b3 b6 4. g3 Bb7 5. Bg2 g6 6. O-O Bg7 7. Bb2 O-O 8. d4 d6
9. Nbd2 Ne4 10. Nxe4 Bxe4 11. Qd2 Nd7 12. Rfd1 Bb7 13. Rac1 Qe7 14. d5 e5 15.
e4 f5 16. exf5 gxf5 17. Qe2 a5 18. Bh3 Nc5 19. Rc2 Rae8 20. Bc1 h6 21. Nh4 Qd7
22. Qh5 Qf7 23. Qxf7+ Rxf7 24. Nxf5 Bc8 25. Nxg7 Kxg7 26. Bxc8 Rxc8 27. Be3 Na6
28. a3 Nc5 29. Rb2 Ne4 30. Kg2 Rcf8 31. Re1 Nc5 32. Bxc5 bxc5 33. Re3 Kg6 34.
b4 cxb4 35. axb4 axb4 36. Reb3 c5 37. dxc6 Rc7 38. Rd2 Rxc6 39. Rxb4 Rf6 40.
Rd5 Kf7 41. Rdb5 Ke6 42. Rb7 Rf7 43. Rxf7 Kxf7 44. Kf3 Kf6 45. g4 Ra6 46. Rb3
Ra4 47. Rc3 Ra2 48. c5 dxc5 49. Rxc5 Ra3+ 50. Kg2 Ra4 51. Kg3 Ra3+ 52. f3 Ra6
53. Kh4 Ra3 54. Rc6+ Kg7 55. Rc7+ Kf6 56. Rc6+ Kg7 57. Kg3 e4 58. Re6 Rxf3+ 59.
Kg2 Re3 60. h4 Kh7 61. h5 Kg8 62. Rg6+ Kh7 63. Re6 Kg7 64. Rg6+ Kh7 65. Re6 Kg7
66. Kf2 Rf3+ 67. Ke2 Rf4 68. Rg6+ Kf7 69. Ke3 Rf6 70. Rxf6+ Kxf6 71. Kxe4 Ke6
72. g5 hxg5 73. h6 Kf6 74. h7 Kg7 1/2-1/2

[Event "ÕÕÕII Nezhmetdinov Memorial"]
[Site "?"]
[Date "2010.06.02"]
[Round "3.42"]
[White "Ivanov, Stepan"]
[Black "Iskhakov, Artur"]
[Result "1-0"]
[WhiteElo "2099"]
[BlackElo "1815"]
[PlyCount "59"]
[EventDate "2010.06.01"]
[SourceDate "2010.06.03"]

1. d4 d5 2. c4 dxc4 3. e4 e5 4. d5 Nf6 5. Nc3 Bc5 6. Bg5 b5 7. Bh4 a6 8. a4 b4
9. Na2 a5 10. Bxc4 Ba6 11. Qc2 Nbd7 12. Nf3 O-O 13. O-O Qe7 14. Nc1 Qd6 15. Nb3
Bb6 16. Bxa6 Rxa6 17. Rac1 Raa8 18. Nfd2 Rfc8 19. Qc4 c6 20. dxc6 Nb8 21. Qb5
Rxc6 22. Nc4 Rxc4 23. Qxc4 Na6 24. Rfd1 Qc7 25. Qb5 Qa7 26. Qxe5 Bxf2+ 27. Bxf2
Qxf2+ 28. Kxf2 Ng4+ 29. Kg3 Nxe5 30. Rd5 1-0

[Event "ÕÕÕII Nezhmetdinov Memorial"]
[Site "?"]
[Date "2010.06.02"]
[Round "3.43"]
[White "Belskiy, Artem"]
[Black "Shkuro, Alexandr"]
[Result "0-1"]
[WhiteElo "1622"]
[BlackElo "2071"]
[PlyCount "62"]
[EventDate "2010.06.01"]
[SourceDate "2010.06.03"]

1. d4 Nf6 2. c4 e6 3. Nc3 Bb4 4. Qb3 c5 5. dxc5 Bxc5 6. Nf3 Qb6 7. Qxb6 Bxb6 8.
Bf4 Ba5 9. Bd2 a6 10. a3 O-O 11. e3 d6 12. Bd3 Nbd7 13. b4 Bc7 14. Ke2 b6 15.
a4 Bb7 16. Rhd1 Rfc8 17. e4 Bd8 18. Be3 Be7 19. Na2 Bxe4 20. Bxe4 Nxe4 21. Rac1
a5 22. b5 Ndc5 23. Bxc5 Nxc5 24. Nc3 Nb7 25. Ne4 e5 26. Rc2 h6 27. Nxe5 dxe5
28. Rd7 Nc5 29. Rxe7 Nxe4 30. Rb7 Rab8 31. Re7 Re8 0-1

[Event "ÕÕÕII Nezhmetdinov Memorial"]
[Site "?"]
[Date "2010.06.02"]
[Round "2.44"]
[White "Artemjev, Nikolay"]
[Black "Lev, Nikolay"]
[Result "1-0"]
[WhiteElo "2034"]
[BlackElo "1735"]
[PlyCount "43"]
[EventDate "2010.06.01"]
[SourceDate "2010.06.03"]

1. d4 Nf6 2. c4 e6 3. Nc3 Bb4 4. Bd2 Nc6 5. Nf3 Bxc3 6. Bxc3 Ne4 7. Qc2 Nxc3 8.
Qxc3 d6 9. e3 Qe7 10. d5 exd5 11. cxd5 Ne5 12. Bb5+ Bd7 13. Bxd7+ Kxd7 14. Nd4
a6 15. O-O c6 16. e4 g5 17. f4 gxf4 18. Rxf4 Rhg8 19. Qh3+ Kc7 20. Raf1 Raf8
21. Qxh7 Qg5 22. Ne6+ 1-0

[Event "ÕÕÕII Nezhmetdinov Memorial"]
[Site "?"]
[Date "2010.06.02"]
[Round "3.45"]
[White "Borisov, Artur"]
[Black "Garifulin,  Ildar"]
[Result "1-0"]
[WhiteElo "1996"]
[BlackElo "1847"]
[PlyCount "33"]
[EventDate "2010.06.01"]
[SourceDate "2010.06.03"]

1. e4 e6 2. d4 d5 3. Nc3 dxe4 4. Nxe4 Nd7 5. Nf3 Ngf6 6. Nxf6+ Nxf6 7. Bd3 Be7
8. O-O O-O 9. b3 c5 10. dxc5 Bxc5 11. Bb2 b6 12. Ng5 g6 13. Qf3 Nd5 14. Nxh7
Re8 15. Nf6+ Nxf6 16. Bxf6 Qd5 17. Be4 1-0

[Event "ÕÕÕII Nezhmetdinov Memorial"]
[Site "?"]
[Date "2010.06.03"]
[Round "4.1"]
[White "Galliamova, Alisa"]
[Black "Zakhartsov, Viacheslav V."]
[Result "0-1"]
[WhiteElo "2487"]
[BlackElo "2586"]
[PlyCount "80"]
[EventDate "2010.06.01"]
[SourceDate "2010.06.03"]

1. d4 Nf6 2. c4 e6 3. Nf3 b6 4. g3 Ba6 5. Qa4 Bb7 6. Bg2 c5 7. dxc5 bxc5 8. O-O
Be7 9. Nc3 O-O 10. Rd1 Qb6 11. Bf4 Rd8 12. Rd2 d6 13. Rad1 a6 14. Qc2 h6 15. a3
Qc7 16. h3 Nc6 17. Be3 Na5 18. b3 Rab8 19. Rb1 Bc6 20. Nh2 Bxg2 21. Kxg2 Rb6
22. Nf3 Rdb8 23. Ne4 Rxb3 24. Rxb3 Rxb3 25. Nxf6+ Bxf6 26. Qe4 Qb7 27. Qg4 h5
28. Qf4 e5 29. Qf5 Nxc4 30. Rd3 Nxe3+ 31. Rxe3 c4 32. Qxh5 Rxe3 33. fxe3 Qe4
34. Kf2 c3 35. Ne1 c2 36. Nd3 Qxd3 37. exd3 c1=Q 38. Qf5 d5 39. Qd7 Qd2+ 40.
Kf3 e4+ 0-1

[Event "ÕÕÕII Nezhmetdinov Memorial"]
[Site "?"]
[Date "2010.06.03"]
[Round "4.5"]
[White "Gabdrakhmanov, Rafail"]
[Black "Predke, Alexandr"]
[Result "1-0"]
[WhiteElo "2362"]
[BlackElo "2417"]
[PlyCount "133"]
[EventDate "2010.06.01"]
[SourceDate "2009.11.20"]

1. Nf3 d5 2. c4 e6 3. b3 Be7 4. g3 Bf6 5. d4 c5 6. e3 Nc6 7. Bb2 cxd4 8. exd4
dxc4 9. bxc4 Nge7 10. Na3 Nf5 11. Nc2 Qa5+ 12. Qd2 Qxd2+ 13. Kxd2 b6 14. Bd3
Bb7 15. Bxf5 Na5 16. Bd3 Bxf3 17. Rhc1 Rc8 18. Ke3 Ba8 19. Na3 O-O 20. Rd1 Rfd8
21. Be2 Rd7 22. Rac1 Bb7 23. f4 Ba6 24. Nb5 Rcd8 25. Bc3 Nc6 26. d5 exd5 27.
Bxf6 gxf6 28. Rxd5 Rxd5 29. cxd5 Re8+ 30. Kf2 Rxe2+ 31. Kxe2 Bxb5+ 32. Ke3 Ne7
33. Ke4 Kf8 34. Rc7 Bf1 35. d6 Bg2+ 36. Kd3 Nc6 37. Rc8+ Kg7 38. d7 Bh3 39.
Rxc6 Bxd7 40. Rc7 Bb5+ 41. Kd4 a6 42. Rb7 Kg6 43. Rxb6 Bf1 44. a4 Kf5 45. a5 h5
46. Ke3 Bc4 47. Rc6 Bf1 48. Rc5+ Kg6 49. Kd4 Be2 50. Kd5 Kf5 51. Kd6+ Kg4 52.
Rc2 Bd3 53. Rd2 Bc4 54. Ke7 f5 55. Kf6 Be6 56. Rc2 Bd5 57. Rc5 Be4 58. Kxf7 Kh3
59. Kg6 Bf3 60. Rc3 Bg4 61. Kg5 Kxh2 62. Kh4 Kg2 63. Re3 Kf2 64. Re6 Be2 65.
Rxe2+ Kxe2 66. Kxh5 Ke3 67. Kg5 1-0

[Event "ÕÕÕII Nezhmetdinov Memorial"]
[Site "?"]
[Date "2010.06.03"]
[Round "4.6"]
[White "Kabanov, Nikolai"]
[Black "Sadykov,  Ramil"]
[Result "0-1"]
[WhiteElo "2517"]
[BlackElo "2207"]
[PlyCount "82"]
[EventDate "2010.06.01"]
[SourceDate "2009.11.20"]

1. g3 Nf6 2. Bg2 d5 3. d3 e5 4. Nf3 Nc6 5. O-O Be7 6. c4 O-O 7. cxd5 Nxd5 8.
Nc3 Nb6 9. a3 Re8 10. b4 Bf8 11. Bb2 Nd4 12. Nxd4 exd4 13. Nb5 a5 14. Nxd4 axb4
15. axb4 Rxa1 16. Qxa1 Bxb4 17. Nc2 Bf8 18. Ne3 Qg5 19. Rc1 c6 20. h4 Qb5 21.
Bd4 Na4 22. Bf3 Nc5 23. Rb1 Nb3 24. Qc3 Be6 25. Be5 Qa4 26. Nc4 Bxc4 27. dxc4
Nd2 28. Rxb7 Qd1+ 29. Kh2 Qe1 30. Kh3 Rxe5 31. Qxe5 Nxf3 32. Qe3 Qf1+ 33. Kg4
Nh2+ 34. Kf4 Bd6+ 35. Ke4 Ng4 36. Qf3 Nxf2+ 37. Ke3 Bc5+ 38. Kf4 Qc1+ 39. Kf5
g6+ 40. Kf6 Qa1+ 41. Kg5 Qe5+ 0-1

[Event "ÕÕÕII Nezhmetdinov Memorial"]
[Site "?"]
[Date "2010.06.03"]
[Round "4.7"]
[White "Bezgodova, Maria"]
[Black "Shaposhnikov, Evgeny"]
[Result "0-1"]
[WhiteElo "2193"]
[BlackElo "2550"]
[PlyCount "76"]
[EventDate "2010.06.01"]
[SourceDate "2010.06.03"]

1. e4 c5 2. Nf3 e6 3. g3 Nf6 4. Nc3 d5 5. exd5 exd5 6. d4 Bg4 7. Bg2 cxd4 8.
Qxd4 Nc6 9. Qa4 Bd7 10. O-O Be7 11. Re1 h6 12. Qb5 a6 13. Qd3 Be6 14. Bf4 O-O
15. Rad1 Rc8 16. Ne5 Nb4 17. Qe2 Re8 18. a3 Nc6 19. Qd2 Bd6 20. Nxc6 bxc6 21.
Ne2 Bg4 22. Bxd6 Qxd6 23. f3 Bd7 24. Kh1 c5 25. Nf4 d4 26. Rxe8+ Rxe8 27. Re1
Rd8 28. c4 Bf5 29. Nd3 Qb6 30. Re2 Qb3 31. Ne5 d3 32. Rf2 Re8 33. Qf4 Bh7 34.
h4 Qd1+ 35. Rf1 Qe2 36. Ng4 d2 37. Nf2 Bc2 38. Qd6 Qxf2 0-1

[Event "ÕÕÕII Nezhmetdinov Memorial"]
[Site "?"]
[Date "2010.06.03"]
[Round "4.8"]
[White "Bezgodov, Alexei"]
[Black "Mokshanov, Alexey"]
[Result "1/2-1/2"]
[WhiteElo "2494"]
[BlackElo "2227"]
[PlyCount "49"]
[EventDate "2010.06.01"]
[SourceDate "2010.06.03"]

1. e4 e6 2. d4 d5 3. Nc3 Nf6 4. e5 Nfd7 5. f4 c5 6. Nf3 Nc6 7. Be3 Be7 8. Qd2
O-O 9. h4 f6 10. exf6 Bxf6 11. O-O-O Qa5 12. Kb1 c4 13. Ne5 Ndxe5 14. dxe5 Be7
15. Ne2 Bb4 16. c3 Be7 17. Nd4 Nxd4 18. Bxd4 b5 19. Rh3 Rb8 20. Be2 Bd7 21. a3
Qc7 22. Qe3 a5 23. Kc1 b4 24. axb4 Ba4 25. Rf1 1/2-1/2

[Event "ÕÕÕII Nezhmetdinov Memorial"]
[Site "?"]
[Date "2010.06.03"]
[Round "4.9"]
[White "Skomorokhin, Roman"]
[Black "Fedoseev, Vladimir"]
[Result "1-0"]
[WhiteElo "2447"]
[BlackElo "2183"]
[PlyCount "61"]
[EventDate "2010.06.01"]
[SourceDate "2010.06.03"]

1. d4 Nf6 2. c4 e6 3. Nc3 Bb4 4. e3 O-O 5. Bd3 d5 6. Nf3 c5 7. O-O Nc6 8. a3
Bxc3 9. bxc3 dxc4 10. Bxc4 Qc7 11. Ba2 Rd8 12. Bb2 h6 13. c4 e5 14. d5 Bg4 15.
Qc2 Bxf3 16. gxf3 Ne7 17. Kh1 Ng6 18. Rg1 Qd6 19. Rg3 Rd7 20. Rag1 Re8 21. Qc3
Rde7 22. Bb1 Qd7 23. Bxg6 fxg6 24. Rxg6 Kh8 25. Qd3 Rf7 26. f4 e4 27. Qd1 Ref8
28. Qa1 Kh7 29. Bxf6 gxf6 30. Qf1 b5 31. Qg2 1-0

[Event "ÕÕÕII Nezhmetdinov Memorial"]
[Site "?"]
[Date "2010.06.03"]
[Round "4.10"]
[White "Zenzera, Alexey"]
[Black "Sharafiev, Azat"]
[Result "0-1"]
[WhiteElo "2170"]
[BlackElo "2447"]
[PlyCount "36"]
[EventDate "2010.06.01"]
[SourceDate "2010.06.03"]

1. d4 g6 2. c4 Bg7 3. Nc3 c5 4. Nf3 cxd4 5. Nxd4 Nc6 6. Nb3 d6 7. g3 Be6 8. Nd5
Ne5 9. e4 Rc8 10. Nd2 Nf6 11. Be2 O-O 12. O-O a6 13. Re1 h5 14. a4 Bg4 15. Bxg4
hxg4 16. Qb3 Nxd5 17. exd5 Qa5 18. Rd1 Rc7 0-1

[Event "ÕÕÕII Nezhmetdinov Memorial"]
[Site "?"]
[Date "2010.06.03"]
[Round "4.11"]
[White "Sokolov, Sergei"]
[Black "Vasilov, Artur"]
[Result "1-0"]
[WhiteElo "2349"]
[BlackElo "2165"]
[PlyCount "139"]
[EventDate "2010.06.01"]
[SourceDate "2010.06.03"]

1. e4 c6 2. d4 d5 3. Nc3 dxe4 4. Nxe4 Bf5 5. Ng3 Bg6 6. h4 h6 7. Nf3 Nd7 8. h5
Bh7 9. Bd3 Bxd3 10. Qxd3 Ngf6 11. Bf4 Qa5+ 12. Bd2 Qc7 13. O-O-O e6 14. Ne4
Nxe4 15. Qxe4 Nf6 16. Qe2 O-O-O 17. g3 Bd6 18. c4 c5 19. Bc3 cxd4 20. Bxd4 Bc5
21. Bxc5 Qxc5 22. Ne5 Qc7 23. f4 Rxd1+ 24. Rxd1 Rd8 25. Rxd8+ Kxd8 26. Kb1 Ke7
27. Qf3 Nd7 28. a3 Nb6 29. Qe4 f6 30. Ng6+ Kf7 31. f5 exf5 32. Qxf5 Qc8 33. Qe4
Qd7 34. g4 Na4 35. Qf4 Qd8 36. Qe3 Qd6 37. Kc2 Nc5 38. Nf4 b6 39. b4 Nd7 40.
Qe4 Ne5 41. Ng6 Nc6 42. Qd5+ Qxd5 43. cxd5 Nb8 44. Kd3 Nd7 45. Ke4 b5 46. Kf5
Nb6 47. d6 a6 48. Nh8+ Kg8 49. Ng6 Kf7 50. Ne7 Nc4 51. Nc8 Ne5 52. Nb6 Nc6 53.
Nd5 Ne5 54. Ne3 g6+ 55. hxg6+ Nxg6 56. Nd5 Nh4+ 57. Ke4 Ke6 58. d7 Kxd7 59.
Nxf6+ Ke6 60. Ng8 Ng6 61. Nxh6 Kf6 62. Nf5 Kg5 63. Ne3 Ne7 64. Ke5 Nc8 65. Nd5
Kxg4 66. Ke6 Kf3 67. Kd7 Na7 68. Kc7 Ke4 69. Kb7 a5 70. Kxa7 1-0

[Event "ÕÕÕII Nezhmetdinov Memorial"]
[Site "?"]
[Date "2010.06.03"]
[Round "4.12"]
[White "Sanzhaev, Darsen"]
[Black "Filipenko, Alexander V"]
[Result "1-0"]
[WhiteElo "2150"]
[BlackElo "2345"]
[PlyCount "71"]
[EventDate "2010.06.01"]
[SourceDate "2010.06.03"]

1. d4 d5 2. c4 c6 3. Nc3 Nf6 4. Nf3 e6 5. e3 Nbd7 6. Qc2 Bd6 7. e4 dxe4 8. Nxe4
Bb4+ 9. Bd2 Bxd2+ 10. Nfxd2 Qc7 11. O-O-O O-O 12. Bd3 e5 13. dxe5 Qxe5 14. Rhe1
Nc5 15. Nxc5 Qxc5 16. f3 Be6 17. g4 Rfd8 18. h4 h6 19. Nb3 Qb4 20. a3 Qa4 21.
Qc3 Nd7 22. Na5 b6 23. Nb7 Rdb8 24. Rxe6 Rxb7 25. Bc2 Qa5 26. b4 Qa6 27. Rxc6
Nf8 28. b5 Qa5 29. Qxa5 bxa5 30. Be4 Rab8 31. a4 Re7 32. Kc2 Re5 33. Rd5 Re6
34. Rxe6 fxe6 35. Rd6 Rb6 36. Rd8 1-0

[Event "ÕÕÕII Nezhmetdinov Memorial"]
[Site "?"]
[Date "2010.06.03"]
[Round "4.13"]
[White "Mikheev, Stanislav"]
[Black "Semenova, Elena"]
[Result "1/2-1/2"]
[WhiteElo "2310"]
[BlackElo "2162"]
[PlyCount "41"]
[EventDate "2010.06.01"]
[SourceDate "2010.06.03"]

1. d4 d5 2. Nf3 Nf6 3. c4 c6 4. e3 e6 5. Nc3 Nbd7 6. Qc2 Bd6 7. b3 O-O 8. Be2
e5 9. cxd5 cxd5 10. Nb5 Bb4+ 11. Bd2 Bxd2+ 12. Nxd2 a6 13. dxe5 Nxe5 14. Nd4
Bg4 15. Bxg4 Nfxg4 16. Rc1 Qh4 17. g3 Qh3 18. Ke2 Nxf2 19. Kxf2 Ng4+ 20. Kf3
Ne5+ 21. Kf2 1/2-1/2